FC Dynamo Kyiv Squad 2024-2025 - Statistics

General Stats
  • This quiz has been taken 17 times
    13 since last reset
  • The average score is 22 of 31
Answer Stats
# Position Nation Player % Correct
7 FW Ukraine Andriy Yarmolenko
100%
40 DF Ukraine Kristian Bilovar
100%
10 MF Ukraine Mykola Shaparenko
100%
9 FW Ukraine Nazar Voloshyn
100%
20 DF Ukraine Oleksandr Karavaev
100%
24 DF Ukraine Oleksandr Tymchyk
100%
22 FW Ukraine Vladyslav Kabaev
100%
6 MF Ukraine Volodymyr Brazhko
100%
4 DF Ukraine Denys Popov
80%
39 FW Panama Eduardo Guerrero
80%
1 GK Ukraine Georgiy Bushchan
80%
2 DF Ukraine Kostyantyn Vivcharenko
80%
3 DF Ukraine Maksym Dyachuk
80%
99 FW Ukraine Matviy Ponomarenko
80%
76 MF Ukraine Oleksandr Pikhalyonok
80%
- Coach Ukraine Oleksandr Shovkovskyi
80%
32 DF Ukraine Taras Mykhavko
80%
11 FW Ukraine Vladyslav Vanat
80%
45 FW Ukraine Maksym Bragaru
60%
91 MF Ukraine Mykola Mykhaylenko
60%
35 GK Ukraine Ruslan Neshcheret
60%
51 GK Ukraine Valentyn Morgun
60%
15 MF Ukraine Valentyn Rubchynskyi
60%
44 DF Ukraine Vladyslav Dubinchak
60%
74 GK Ukraine Denys Ignatenko
40%
29 MF Ukraine Vitaliy Buyalskyi
40%
8 MF Ukraine Volodymyr Shepelev
40%
77 FW Nigeria Benito
20%
28 DF Colombia Brayan Ceballos
20%
23 DF Ukraine Navin Malysh
20%
18 MF Ukraine Oleksandr Andriyevskyi
20%
No matching quizzes found
Score Distribution
Percent of People with Each Score
Percentile by Number Answered
Your Score History
You have not taken this quiz since the last reset